Métodos fundamentales de económia matemática

Enregistré dans:
Détails bibliographiques
Auteur principal: Chiang, Alpha C (Auteur)
Format: Livre
Langue:espagnol
Publié: Madrid McGraw-Hill 1987
Sujets:
Tags: Ajouter un tag
Pas de tags, Soyez le premier à ajouter un tag!

MARC

LEADER 00000nam a2200000 a 4500
001 UCW2764
003 CL-VaPUC
008 900103e19870000SP |||||||||||||||||spa|d
082 0 4 |a 330.154  |b CHI  |2 21 
100 0 |a Chiang, Alpha C  |e author  |9 307046 
245 1 0 |a Métodos fundamentales de económia matemática 
300 |a 805 p 
942 |c BK 
945 |d 19900103 00:00:00 
260 |a Madrid  |b McGraw-Hill  |c 1987 
650 0 |a Economía matemática  |9 270388 
583 |a last modification  |c 19900103 00:00:00  |k Rodrigo Vera 
999 |c 217217  |d 217215 
952 |0 0  |1 0  |4 0  |6 330_154000000000000_CHI_1987  |7 0  |8 A  |9 204195  |a BIBGIM  |b BIBGIM  |d 2019-11-15  |i 2714302  |o 330.154 CHI 1987  |p 2714302  |r 2025-01-15  |w 2019-11-15  |y BK  |k COM 
952 |0 0  |1 0  |4 0  |6 330_154000000000000_CHI_1987  |7 0  |8 A  |9 204196  |a BIBGIM  |b BIBGIM  |d 2019-11-15  |i 1985442  |o 330.154 CHI 1987  |p 1985442  |r 2025-01-15  |w 2019-11-15  |y BK  |k COM 
952 |0 0  |1 0  |4 0  |6 330_154000000000000_CHI_1987  |7 0  |8 A  |9 204197  |a BIBGIM  |b BIBGIM  |d 2019-11-15  |i 1985493  |o 330.154 CHI 1987  |p 1985493  |r 2025-01-15  |w 2019-11-15  |y BK  |k COM